Loading...
| Literature - American | 2 | 3 | 1 | 2 | 55 | 52 | 81.60 | 0 | 4 | 24.79 | 31.11 |
| Visual Arts | 1 | 2 | 0 | 2 | 35 | 72 | 106.00 | 0 | 1 | 7.44 | 13.33 |
| Literature - World | 1 | 2 | 0 | 0 | 35 | 74 | 86.00 | 1 | 2 | 14.01 | 18.89 |
| Literature - British | 2 | 0 | 0 | 0 | 30 | 60 | 61.50 | 1 | 2 | 12.46 | 15.56 |
| Literature - European | 0 | 2 | 0 | 0 | 20 | 70 | 84.00 | 0 | 1 | 7.99 | 4.44 |
| Beliefs | 0 | 2 | 0 | 0 | 20 | 81 | 97.50 | 0 | 2 | 4.83 | 12.92 |
| Science - Chemistry | 0 | 2 | 0 | 1 | 20 | 89 | 104.00 | 0 | 1 | 4.12 | 12.78 |
| Social Science | 0 | 2 | 0 | 2 | 20 | 122 | 126.00 | 0 | 1 | 0.16 | 3.00 |
| Philosophy | 0 | 2 | 0 | 1 | 20 | 111 | 117.00 | 1 | 1 | 2.06 | 13.33 |
| Science - Biology | 0 | 2 | 0 | 0 | 20 | 77 | 88.50 | 0 | 2 | 6.53 | 11.11 |
| History - World | 1 | 0 | 0 | 0 | 15 | 43 | 43.00 | 0 | 1 | 6.73 | 8.89 |
| Auditory Arts | 0 | 0 | 1 | 0 | -5 | 0.00 | 0 | 0 | 0.00 | 0.00 |